Risks of Social Networks in the Context of Hybrid Juvenile Threats

Používanie sociálnych sietí má viacero pozitív – rozširovanie sociálnej komunity, priateľstvá, zdieľanie skúseností, sú nástrojom výmeny informácií zo školského vzdelávania. No majú aj negatíva. Ide o hybridné hrozby, súvisiace s digitálom a finančnou gramotnosťou mladých ľudí. Najčastejšie riziká,...

Ausführliche Beschreibung

Gespeichert in:
Bibliographische Detailangaben
1. Verfasser: Lukáč, Jozef, 1991-
Weitere Verfasser: Hvastová, Jozefína, 1969-
Format: Buchkapitel
Sprache:Englisch
Schlagworte:
Tags: Tag hinzufügen
Keine Tags, Fügen Sie das erste Tag hinzu!

MARC

LEADER 00000naa$a2200000$$$4500
001 0292041
005 20250923124310.8
041 0 |a eng 
044 |a SK 
245 1 0 |a Risks of Social Networks in the Context of Hybrid Juvenile Threats  |c Jozef Lukáč, Jozefína Hvastová 
520 |a Používanie sociálnych sietí má viacero pozitív – rozširovanie sociálnej komunity, priateľstvá, zdieľanie skúseností, sú nástrojom výmeny informácií zo školského vzdelávania. No majú aj negatíva. Ide o hybridné hrozby, súvisiace s digitálom a finančnou gramotnosťou mladých ľudí. Najčastejšie riziká, spojené so sociálnymi sieťami sú šírenie nepravdivých, alebo zavádzajúcich informácií (hoaxov), ktoré si vyžadujú nákup nepotrebných produktov cez influencerov, či rôzne formy sexuálneho obťažovania. Hrozby a riziká všeobecne, ktoré mladých ľudí stretávajú nielen na Slovensku. 
610 2 0 |a siete sociálne 
610 2 0 |a riziko 
610 2 0 |a riziko bezpečnostné 
610 2 0 |a riziko finančné 
610 2 0 |a riziko obchodné 
610 2 0 |a riziko sociálne 
610 2 0 |a riziko spotrebiteľské 
610 2 0 |a dezinformácie 
610 2 0 |a hrozby hybridné 
100 1 |a Lukáč, Jozef, 1991- 
700 1 |a Hvastová, Jozefína, 1969-